[Event "European Clubs Cup"]
[Site "chess24.com"]
[Date "2018.10.14"]
[Round "3"]
[White "Veinberg, Nimrod"]
[Black "Lampen, Timo"]
[Result "1-0"]
[WhiteElo "2386"]
[BlackElo "2332"]
[Annotator ""]
[Source ""]
[Remark ""]

1.d4 {[%clk 1:30:48]} Nf6 {[%clk 1:30:47]} 2.c4 {[%clk 1:30:48]}
e6 {[%clk 1:30:47]} 3.Nc3 {[%clk 1:30:37]} c5 {[%clk 1:30:35]}
4.d5 {[%clk 1:30:57]} exd5 {[%clk 1:30:39]} 5.cxd5 {[%clk 1:31:16]}
d6 {[%clk 1:30:50]} 6.Nf3 {[%clk 1:31:31]} g6 {[%clk 1:30:28]}
7.Nd2 {[%clk 1:30:22]} a6 {[%clk 1:25:52]} 8.a4 {[%clk 1:30:26]}
Nbd7 {[%clk 1:15:53]} 9.e4 {[%clk 1:26:56]} Bg7 {[%clk 1:02:55]}
10.Be2 {[%clk 1:24:33]} O-O {[%clk 1:02:00]} 11.O-O {[%clk 1:24:51]}
Re8 {[%clk 0:59:48]} 12.Re1 {[%clk 1:24:17]} Rb8 {[%clk 0:40:08]}
13.Ra3 {[%clk 1:15:03]} Nh5 {[%clk 0:27:01]} 14.Nf1 {[%clk 0:58:27]}
Be5 {[%clk 0:17:14]} 15.Bxh5 {[%clk 0:46:24]} gxh5 {[%clk 0:17:38]}
16.Qxh5 {[%clk 0:39:56]} Nf6 {[%clk 0:15:27]} 17.Qh4 {[%clk 0:36:47]}
Ng4 {[%clk 0:10:50]} 18.Bg5 {[%clk 0:31:16]} f6 {[%clk 0:09:27]}
19.Bd2 {[%clk 0:30:12]} f5 {[%clk 0:06:01]} 20.Qh5 {[%clk 0:20:54]}
Bd4 {[%clk 0:02:46]} 21.Ne3 {[%clk 0:20:54]} Nxf2 {[%clk 0:02:13]}
22.Kxf2 {[%clk 0:18:23]} f4 {[%clk 0:02:34]} 23.Kg1 {[%clk 0:16:49]}
Re5 {[%clk 0:01:39]} 24.Qf3 {[%clk 0:15:19]} fxe3 {[%clk 0:01:03]}
25.Bxe3 {[%clk 0:15:46]} Bxe3+ {[%clk 0:01:03]} 26.Rxe3 {[%clk 0:15:43]}
Qe7 {[%clk 0:01:13]} 27.Ra1 {[%clk 0:10:14]} Bf5 {[%clk 0:01:17]}
28.Rf1 {[%clk 0:10:23]} Re8 {[%clk 0:01:13]} 29.Qg3+ {[%clk 0:08:41]}
Bg6 {[%clk 0:01:16]} 30.Ref3 {[%clk 0:08:59]} Rg5 {[%clk 0:01:07]}
31.Qf2 {[%clk 0:09:03]} Bxe4 {[%clk 0:00:47]} 32.Nxe4 {[%clk 0:09:18]}
Qxe4 {[%clk 0:01:12]} 33.Rf8+ {[%clk 0:09:40]} Kg7 {[%clk 0:00:42]}
34.Qf6# {[%clk 0:10:00]} 1-0

[Event "European Clubs Cup"]
[Site "chess24.com"]
[Date "2018.10.14"]
[Round "3"]
[White "Nyysti, Sampsa"]
[Black "Parkhov, Yair"]
[Result "1/2-1/2"]
[WhiteElo "2299"]
[BlackElo "2331"]
[Annotator ""]
[Source ""]
[Remark ""]

1.e4 {[%clk 1:28:23]} c5 {[%clk 1:30:38]} 2.Nc3 {[%clk 1:28:10]}
d6 {[%clk 1:30:59]} 3.Nge2 {[%clk 1:28:27]} Nf6 {[%clk 1:31:21]}
4.g3 {[%clk 1:28:44]} Nc6 {[%clk 1:31:31]} 5.Bg2 {[%clk 1:29:07]}
g6 {[%clk 1:31:55]} 6.O-O {[%clk 1:28:45]} Bg7 {[%clk 1:32:16]}
7.h3 {[%clk 1:28:37]} e5 {[%clk 1:20:51]} 8.d3 {[%clk 1:26:53]}
O-O {[%clk 1:15:16]} 9.f4 {[%clk 1:26:44]} exf4 {[%clk 0:59:32]}
10.Bxf4 {[%clk 1:25:43]} Be6 {[%clk 0:59:05]} 11.Qc1 {[%clk 1:13:02]}
Ne8 {[%clk 0:41:23]} 12.Bg5 {[%clk 1:09:56]} Qd7 {[%clk 0:38:50]}
13.Nf4 {[%clk 1:06:33]} Nc7 {[%clk 0:38:16]} 14.Qd2 {[%clk 0:55:13]}
Nd4 {[%clk 0:32:11]} 15.Ncd5 {[%clk 0:52:34]} Bxd5 {[%clk 0:28:46]}
16.Nxd5 {[%clk 0:52:35]} Nxd5 {[%clk 0:28:23]} 17.exd5 {[%clk 0:53:03]}
f6 {[%clk 0:23:33]} 18.Bf4 {[%clk 0:44:34]} Rae8 {[%clk 0:21:58]}
19.Rae1 {[%clk 0:42:54]} Nb5 {[%clk 0:10:55]} 20.Rxe8 {[%clk 0:37:18]}
Rxe8 {[%clk 0:11:11]} 21.Re1 {[%clk 0:37:23]} Rxe1+ {[%clk 0:09:40]}
22.Qxe1 {[%clk 0:37:49]} Kf7 {[%clk 0:09:40]} 23.Kh2 {[%clk 0:37:49]}
f5 {[%clk 0:09:11]} 24.Qa5 {[%clk 0:17:17]} Nd4 {[%clk 0:06:57]}
25.Qd2 {[%clk 0:12:08]} b6 {[%clk 0:06:18]} 26.c3 {[%clk 0:09:48]}
Nb5 {[%clk 0:06:41]} 27.Qe3 {[%clk 0:05:01]} Nc7 {[%clk 0:06:50]}
28.Kg1 {[%clk 0:04:57]} Bf8 {[%clk 0:06:29]} 29.a3 {[%clk 0:04:33]}
Qb5 {[%clk 0:06:29]} 30.Qe2 {[%clk 0:04:33]} Qb3 {[%clk 0:04:47]}
31.c4 {[%clk 0:04:07]} Qa4 {[%clk 0:05:12]} 32.g4 {[%clk 0:04:07]}
Qe8 {[%clk 0:05:12]} 33.Qxe8+ {[%clk 0:03:09]} Nxe8 {[%clk 0:05:35]}
34.gxf5 {[%clk 0:02:46]} gxf5 {[%clk 0:05:59]} 35.Bf3 {[%clk 0:03:04]}
Kg6 {[%clk 0:05:51]} 36.b3 {[%clk 0:01:59]} Bh6 {[%clk 0:05:40]}
37.Bg3 {[%clk 0:02:11]} Bc1 {[%clk 0:05:38]} 38.a4 {[%clk 0:02:35]}
Bb2 {[%clk 0:05:45]} 39.Kg2 {[%clk 0:01:22]} Be5 {[%clk 0:05:47]}
40.Be1 {[%clk 0:31:37]} Nc7 {[%clk 0:34:52]} 41.Bd2 {[%clk 0:26:29]}
Na6 {[%clk 0:29:51]} 42.Be2 {[%clk 0:23:44]} Nb4 {[%clk 0:26:42]}
43.Kf2 {[%clk 0:23:51]} Kf6 {[%clk 0:25:49]} 44.Kf3 {[%clk 0:22:40]}
Nc2 {[%clk 0:25:46]} 45.Bd1 {[%clk 0:22:55]} Nd4+ {[%clk 0:26:07]}
46.Kf2 {[%clk 0:23:18]} Kg6 {[%clk 0:25:36]} 47.b4 {[%clk 0:22:24]}
cxb4 {[%clk 0:19:17]} 48.Bxb4 {[%clk 0:22:52]} a5 {[%clk 0:17:15]}
49.Bd2 {[%clk 0:18:57]} f4 {[%clk 0:15:16]} 50.Kg2 {[%clk 0:17:20]}
Kg5 {[%clk 0:14:43]} 51.Be1 {[%clk 0:17:13]} h6 {[%clk 0:09:02]}
52.Bf2 {[%clk 0:17:26]} 1/2-1/2

[Event "European Clubs Cup"]
[Site "chess24.com"]
[Date "2018.10.14"]
[Round "3"]
[White "Galburd, Yan"]
[Black "Mansner, Harry"]
[Result "1-0"]
[WhiteElo "2358"]
[BlackElo "2278"]
[Annotator ""]
[Source ""]
[Remark ""]

1.d4 {[%clk 1:30:55]} Nf6 {[%clk 1:30:52]} 2.Nf3 {[%clk 1:30:51]}
g6 {[%clk 1:31:15]} 3.Bf4 {[%clk 1:30:47]} Bg7 {[%clk 1:31:34]}
4.e3 {[%clk 1:25:41]} d6 {[%clk 1:31:32]} 5.h3 {[%clk 1:25:52]}
O-O {[%clk 1:30:10]} 6.Be2 {[%clk 1:25:24]} c5 {[%clk 1:28:46]}
7.O-O {[%clk 1:21:37]} cxd4 {[%clk 1:27:21]} 8.exd4 {[%clk 1:21:56]}
Nc6 {[%clk 1:27:33]} 9.c3 {[%clk 1:20:04]} Nd5 {[%clk 1:27:51]}
10.Bh2 {[%clk 1:13:55]} e5 {[%clk 1:28:03]} 11.Na3 {[%clk 1:04:07]}
a6 {[%clk 1:17:41]} 12.Bc4 {[%clk 0:50:50]} Nf4 {[%clk 0:51:41]}
13.Bxf4 {[%clk 0:38:12]} exf4 {[%clk 0:52:01]} 14.Nc2 {[%clk 0:32:15]}
d5 {[%clk 0:42:04]} 15.Bd3 {[%clk 0:31:08]} Be6 {[%clk 0:41:22]}
16.Re1 {[%clk 0:29:04]} Re8 {[%clk 0:39:50]} 17.a3 {[%clk 0:19:33]}
Rc8 {[%clk 0:32:56]} 18.Nb4 {[%clk 0:17:02]} Na5 {[%clk 0:33:00]}
19.Rb1 {[%clk 0:15:25]} f6 {[%clk 0:31:40]} 20.Bc2 {[%clk 0:14:32]}
Qd6 {[%clk 0:26:22]} 21.Nd3 {[%clk 0:12:58]} Bf7 {[%clk 0:22:42]}
22.Nc5 {[%clk 0:12:20]} Qc7 {[%clk 0:22:19]} 23.Bd3 {[%clk 0:10:51]}
Bf8 {[%clk 0:21:58]} 24.b4 {[%clk 0:09:45]} Nc4 {[%clk 0:22:01]}
25.a4 {[%clk 0:09:18]} Ra8 {[%clk 0:17:41]} 26.a5 {[%clk 0:09:08]}
Qc6 {[%clk 0:13:08]} 27.Qa4 {[%clk 0:06:30]} Qxa4 {[%clk 0:09:46]}
28.Nxa4 {[%clk 0:06:58]} Nd6 {[%clk 0:09:21]} 29.Nd2 {[%clk 0:04:16]}
Bh6 {[%clk 0:04:28]} 30.Bc2 {[%clk 0:03:43]} Rac8 {[%clk 0:04:33]}
31.Nb3 {[%clk 0:02:23]} Rxe1+ {[%clk 0:04:33]} 32.Rxe1 {[%clk 0:02:52]}
Rc7 {[%clk 0:02:07]} 33.Nbc5 {[%clk 0:03:00]} Nc4 {[%clk 0:01:19]}
34.Bb3 {[%clk 0:01:47]} Bf8 {[%clk 0:01:12]} 35.Bxc4 {[%clk 0:01:08]}
dxc4 {[%clk 0:01:37]} 36.Nb6 {[%clk 0:01:12]} g5 {[%clk 0:00:50]}
37.Kf1 {[%clk 0:01:04]} h5 {[%clk 0:00:49]} 38.f3 {[%clk 0:01:26]}
Bd6 {[%clk 0:00:42]} 39.Ne4 {[%clk 0:00:53]} Be7 {[%clk 0:01:06]}
40.d5 {[%clk 0:30:45]} Bd8 {[%clk 0:31:04]} 41.Nc5 {[%clk 0:25:30]}
Be7 {[%clk 0:30:18]} 42.Rxe7 {[%clk 0:24:37]} 1-0

[Event "European Clubs Cup"]
[Site "chess24.com"]
[Date "2018.10.14"]
[Round "3"]
[White "Verkasalo, Tommi"]
[Black "Zlatin, Alexander"]
[Result "0-1"]
[WhiteElo "2195"]
[BlackElo "2249"]
[Annotator ""]
[Source ""]
[Remark ""]

1.Nf3 {[%clk 1:30:30]} Nf6 {[%clk 1:30:12]} 2.g3 {[%clk 1:30:30]}
d5 {[%clk 1:29:25]} 3.Bg2 {[%clk 1:30:30]} e6 {[%clk 1:28:36]}
4.O-O {[%clk 1:30:40]} Be7 {[%clk 1:26:02]} 5.d3 {[%clk 1:29:23]}
O-O {[%clk 1:24:45]} 6.Nbd2 {[%clk 1:28:45]} c5 {[%clk 1:24:07]}
7.e4 {[%clk 1:28:37]} Nc6 {[%clk 1:23:32]} 8.Re1 {[%clk 1:20:56]}
b5 {[%clk 1:11:34]} 9.exd5 {[%clk 1:19:01]} exd5 {[%clk 1:11:15]}
10.c4 {[%clk 1:18:22]} Rb8 {[%clk 0:55:26]} 11.b3 {[%clk 1:13:55]}
Bf5 {[%clk 0:52:37]} 12.Nf1 {[%clk 1:08:30]} bxc4 {[%clk 0:45:57]}
13.dxc4 {[%clk 1:02:12]} d4 {[%clk 0:36:22]} 14.Nh4 {[%clk 0:56:37]}
Bg4 {[%clk 0:33:36]} 15.Bf3 {[%clk 0:51:00]} Qd7 {[%clk 0:33:36]}
16.Nd2 {[%clk 0:39:34]} Rfe8 {[%clk 0:32:19]} 17.Ne4 {[%clk 0:34:40]}
Bxf3 {[%clk 0:31:10]} 18.Nxf3 {[%clk 0:33:32]} Nxe4 {[%clk 0:31:01]}
19.Rxe4 {[%clk 0:33:32]} Bf6 {[%clk 0:31:09]} 20.Rxe8+ {[%clk 0:32:42]}
Rxe8 {[%clk 0:31:09]} 21.Ba3 {[%clk 0:30:45]} Qf5 {[%clk 0:29:50]}
22.Ne1 {[%clk 0:28:15]} d3 {[%clk 0:23:15]} 23.Rc1 {[%clk 0:25:45]}
Nd4 {[%clk 0:22:06]} 24.Qxd3 {[%clk 0:24:55]} Qxd3 {[%clk 0:22:06]}
25.Nxd3 {[%clk 0:24:55]} Ne2+ {[%clk 0:22:06]} 26.Kf1 {[%clk 0:25:07]}
Nxc1 {[%clk 0:22:06]} 27.Bxc1 {[%clk 0:25:26]} Bd4 {[%clk 0:22:28]}
28.Ba3 {[%clk 0:25:35]} Rc8 {[%clk 0:22:50]} 29.Ke2 {[%clk 0:25:15]}
f6 {[%clk 0:22:28]} 30.g4 {[%clk 0:25:04]} Rc6 {[%clk 0:22:39]}
31.Kf3 {[%clk 0:23:58]} Kf7 {[%clk 0:22:41]} 32.Ke4 {[%clk 0:23:20]}
Ra6 {[%clk 0:21:44]} 33.Nxc5 {[%clk 0:22:37]} Rxa3 {[%clk 0:18:49]}
34.Kxd4 {[%clk 0:22:37]} Rxa2 {[%clk 0:19:14]} 35.Nd3 {[%clk 0:22:35]}
Ke6 {[%clk 0:19:06]} 36.b4 {[%clk 0:21:54]} Ra1 {[%clk 0:15:58]}
37.Nf4+ {[%clk 0:18:55]} Kd7 {[%clk 0:14:15]} 38.Nh5 {[%clk 0:19:01]}
Rf1 {[%clk 0:12:19]} 39.Nxg7 {[%clk 0:16:56]} Rxf2 {[%clk 0:12:35]}
40.Nh5 {[%clk 0:15:01]} Rxh2 {[%clk 0:05:20]} 41.Nxf6+ {[%clk 0:14:17]}
Ke6 {[%clk 0:05:20]} 42.Ne4 {[%clk 0:06:25]} Rh4 {[%clk 0:05:32]}
43.Ng5+ {[%clk 0:06:00]} Kf6 {[%clk 0:04:44]} 44.Ne4+ {[%clk 0:06:00]}
Ke6 {[%clk 0:02:50]} 45.Ng5+ {[%clk 0:06:00]} Ke7 {[%clk 0:03:04]}
46.Kd5 {[%clk 0:06:01]} Rxg4 {[%clk 0:02:46]} 47.Nf3 {[%clk 0:05:41]}
h5 {[%clk 0:03:06]} 48.b5 h4 {[%clk 0:01:48]} 49.c5 Rf4 50.Ne5
Rf5 51.b6 axb6 52.cxb6 Kd8 53.Kd6 Rxe5 54.Kxe5 h3 0-1

[Event "European Clubs Cup"]
[Site "chess24.com"]
[Date "2018.10.14"]
[Round "3"]
[White "Gorodetzky, Matan"]
[Black "Kosmo, Santul"]
[Result "0-1"]
[WhiteElo "2221"]
[BlackElo "2186"]
[Annotator ""]
[Source ""]
[Remark ""]

1.e4 {[%clk 1:30:50]} c5 {[%clk 1:30:55]} 2.Nf3 {[%clk 1:31:05]}
d6 {[%clk 1:31:18]} 3.Bb5+ {[%clk 1:31:30]} Nd7 {[%clk 1:30:39]}
4.Ba4 {[%clk 1:31:53]} Ngf6 {[%clk 1:29:02]} 5.O-O {[%clk 1:32:07]}
Nxe4 {[%clk 1:25:58]} 6.Re1 {[%clk 1:29:43]} Nef6 {[%clk 1:23:40]}
7.d4 {[%clk 1:29:58]} cxd4 {[%clk 1:23:12]} 8.Nxd4 {[%clk 1:30:16]}
e6 {[%clk 1:14:56]} 9.Nb5 {[%clk 1:27:58]} Qb6 {[%clk 1:06:41]}
10.Be3 {[%clk 1:17:36]} Qc6 {[%clk 1:06:28]} 11.Bf4 {[%clk 1:05:39]}
e5 {[%clk 0:58:44]} 12.N1c3 {[%clk 0:58:48]} a6 {[%clk 0:53:22]}
13.Nd4 {[%clk 0:22:55]} Qc7 {[%clk 0:53:25]} 14.Qf3 {[%clk 0:22:33]}
Rb8 {[%clk 0:50:06]} 15.Nf5 {[%clk 0:11:51]} b5 {[%clk 0:49:36]}
16.Bb3 {[%clk 0:12:20]} Nc5 {[%clk 0:40:07]} 17.Bg5 {[%clk 0:11:19]}
Nxb3 {[%clk 0:25:36]} 18.Bxf6 {[%clk 0:02:26]} Nxa1 {[%clk 0:20:55]}
19.Nd5 {[%clk 0:02:42]} Qb7 {[%clk 0:16:14]} 20.Nxg7+ {[%clk 0:01:48]}
Bxg7 {[%clk 0:12:52]} 21.Bxg7 {[%clk 0:02:17]} Be6 {[%clk 0:11:25]}
22.Nf6+ {[%clk 0:02:07]} Ke7 {[%clk 0:10:53]} 23.Qg3 {[%clk 0:00:44]}
Nxc2 {[%clk 0:09:53]} 24.Rc1 {[%clk 0:01:04]} Rhc8 {[%clk 0:06:14]}
25.Qg5 {[%clk 0:01:08]} Rc4 {[%clk 0:03:10]} 26.Nd5+ {[%clk 0:00:38]}
Kd7 {[%clk 0:03:04]} 27.Nf6+ {[%clk 0:00:37]} Kc7 {[%clk 0:02:43]}
28.b3 {[%clk 0:01:01]} Rc5 {[%clk 0:02:27]} 29.Qd2 {[%clk 0:00:33]}
Nd4 {[%clk 0:02:09]} 30.Re1 {[%clk 0:00:59]} Rc8 {[%clk 0:01:38]}
31.Bh6 {[%clk 0:01:05]} Kb8 {[%clk 0:01:46]} 32.Ne4 {[%clk 0:01:21]}
Rc2 {[%clk 0:01:29]} 33.Qb4 {[%clk 0:01:47]} R2c6 {[%clk 0:01:12]}
34.Nxd6 {[%clk 0:01:41]} Qe7 {[%clk 0:01:24]} 35.Bg7 {[%clk 0:01:16]}
f6 {[%clk 0:01:19]} 0-1

[Event "European Club Cup"]
[Site "chess24.com"]
[Date "2018.10.15"]
[Round "4"]
[White "Virtanen, Antti"]
[Black "Jepson, Christian"]
[Result "1-0"]
[WhiteElo "2262"]
[BlackElo "2413"]
[Annotator ""]
[Source ""]
[Remark ""]

1.Nf3 {[%clk 1:30:56]} d5 {[%clk 1:30:33]} 2.e3 {[%clk 1:31:20]}
Nf6 {[%clk 1:27:38]} 3.c4 {[%clk 1:31:41]} c6 {[%clk 1:26:31]}
4.Nc3 {[%clk 1:31:48]} g6 {[%clk 1:25:43]} 5.d4 {[%clk 1:31:52]}
Bg7 {[%clk 1:25:13]} 6.Be2 {[%clk 1:32:16]} O-O {[%clk 1:25:14]}
7.O-O {[%clk 1:32:41]} Bf5 {[%clk 1:23:23]} 8.cxd5 {[%clk 1:24:56]}
Nxd5 {[%clk 1:22:40]} 9.Qb3 {[%clk 1:21:33]} Nb6 {[%clk 1:19:33]}
10.e4 {[%clk 1:11:13]} Be6 {[%clk 1:02:44]} 11.Qc2 {[%clk 1:08:41]}
Na6 {[%clk 1:00:21]} 12.a3 {[%clk 1:06:13]} Nc7 {[%clk 0:59:03]}
13.Rd1 {[%clk 1:00:34]} h6 {[%clk 0:57:45]} 14.Ne5 {[%clk 0:53:24]}
Ne8 {[%clk 0:17:00]} 15.Be3 {[%clk 0:41:49]} Nd6 {[%clk 0:14:34]}
16.b3 {[%clk 0:37:22]} Kh7 {[%clk 0:12:39]} 17.Nd3 {[%clk 0:34:46]}
Qe8 {[%clk 0:12:23]} 18.Nc5 {[%clk 0:33:28]} Bc8 {[%clk 0:12:39]}
19.f4 {[%clk 0:32:56]} Nd7 {[%clk 0:11:27]} 20.b4 {[%clk 0:24:50]}
b6 {[%clk 0:11:05]} 21.Nb3 {[%clk 0:25:11]} Bb7 {[%clk 0:11:00]}
22.e5 {[%clk 0:22:25]} Nf5 {[%clk 0:08:04]} 23.Bf2 {[%clk 0:22:48]}
c5 {[%clk 0:08:11]} 24.bxc5 {[%clk 0:21:45]} bxc5 {[%clk 0:08:09]}
25.dxc5 {[%clk 0:18:31]} Qc8 {[%clk 0:05:32]} 26.Na5 {[%clk 0:17:35]}
Nxc5 {[%clk 0:04:18]} 27.Nxb7 {[%clk 0:17:36]} Nxb7 {[%clk 0:04:29]}
28.g4 {[%clk 0:17:45]} Nfd6 {[%clk 0:04:13]} 29.exd6 {[%clk 0:12:08]}
Nxd6 {[%clk 0:04:00]} 30.Rac1 {[%clk 0:12:15]} Qe6 {[%clk 0:03:54]}
31.Bf3 {[%clk 0:10:47]} Rac8 {[%clk 0:04:05]} 32.Qd3 {[%clk 0:11:01]}
Nc4 {[%clk 0:01:32]} 33.Re1 {[%clk 0:09:47]} Nb2 {[%clk 0:01:34]}
34.Qb5 {[%clk 0:08:04]} Qd6 {[%clk 0:00:53]} 35.Qxb2 {[%clk 0:07:53]}
Qxf4 {[%clk 0:01:20]} 36.Kg2 {[%clk 0:07:38]} Rfd8 {[%clk 0:01:12]}
37.Re4 {[%clk 0:06:01]} Qg5 {[%clk 0:01:07]} 38.Be3 {[%clk 0:04:53]}
Qf6 {[%clk 0:00:59]} 39.Rf4 {[%clk 0:04:00]} Qe5 {[%clk 0:01:17]}
40.Qf2 {[%clk 0:32:41]} Rd3 {[%clk 0:30:43]} 41.Nd1 {[%clk 0:30:51]}
Rf8 {[%clk 0:22:31]} 42.a4 {[%clk 0:26:11]} Bf6 {[%clk 0:18:59]}
43.Re4 {[%clk 0:24:27]} Qd6 {[%clk 0:18:29]} 44.Nb2 {[%clk 0:20:37]}
Rb3 {[%clk 0:16:02]} 45.Nc4 {[%clk 0:20:57]} Qa6 {[%clk 0:16:13]}
46.Bxa7 {[%clk 0:19:28]} Bg5 {[%clk 0:12:14]} 47.Be3 {[%clk 0:16:46]}
f5 {[%clk 0:12:09]} 48.gxf5 {[%clk 0:16:25]} gxf5 {[%clk 0:07:58]}
49.Bxg5 {[%clk 0:11:25]} fxe4 {[%clk 0:07:57]} 50.Bxe4+ {[%clk 0:11:49]}
Kg8 {[%clk 0:06:56]} 51.Qc2 {[%clk 0:09:53]} Qe6 {[%clk 0:05:07]}
52.Qxb3 {[%clk 0:07:11]} Qxe4+ {[%clk 0:05:04]} 53.Kg1 {[%clk 0:07:09]}
e6 {[%clk 0:02:53]} 54.Bxh6 {[%clk 0:06:09]} Rf6 {[%clk 0:02:27]}
55.Qg3+ {[%clk 0:06:05]} Rg6 {[%clk 0:02:34]} 56.Bg5 {[%clk 0:06:30]}
Qc6 {[%clk 0:01:32]} 57.h4 {[%clk 0:06:37]} Kh7 {[%clk 0:01:33]}
58.a5 {[%clk 0:06:42]} Qc5+ {[%clk 0:01:55]} 59.Qe3 {[%clk 0:06:55]}
Qf5 {[%clk 0:01:35]} 60.Ne5 {[%clk 0:06:57]} Rg7 {[%clk 0:01:52]}
61.Qd3 {[%clk 0:07:15]} 1-0

[Event "European Club Cup"]
[Site "chess24.com"]
[Date "2018.10.15"]
[Round "4"]
[White "Kristensen, Kaare Hove"]
[Black "Pulkkinen, Kari"]
[Result "0-1"]
[WhiteElo "2347"]
[BlackElo "2239"]
[Annotator ""]
[Source ""]
[Remark ""]

1.e4 {[%clk 1:30:54]} c5 {[%clk 1:30:51]} 2.Nf3 {[%clk 1:31:17]}
g6 {[%clk 1:31:15]} 3.c3 {[%clk 1:27:35]} Bg7 {[%clk 1:29:39]}
4.d4 {[%clk 1:27:54]} cxd4 {[%clk 1:29:55]} 5.cxd4 {[%clk 1:28:14]}
d5 {[%clk 1:30:03]} 6.exd5 {[%clk 1:27:37]} Nf6 {[%clk 1:30:04]}
7.Nc3 {[%clk 1:27:18]} O-O {[%clk 1:28:41]} 8.Be2 {[%clk 1:25:02]}
Nxd5 {[%clk 1:28:42]} 9.O-O {[%clk 1:25:20]} Nc6 {[%clk 1:26:43]}
10.Re1 {[%clk 1:25:06]} Nb6 {[%clk 1:21:56]} 11.Be3 {[%clk 1:22:59]}
Bg4 {[%clk 1:18:50]} 12.h3 {[%clk 1:16:16]} Bxf3 {[%clk 1:15:15]}
13.Bxf3 {[%clk 1:15:15]} Nxd4 {[%clk 1:13:12]} 14.Bxb7 {[%clk 1:13:24]}
Rb8 {[%clk 1:13:22]} 15.Ba6 {[%clk 1:13:22]} e5 {[%clk 1:10:35]}
16.Rc1 {[%clk 1:10:01]} Nc8 {[%clk 0:55:06]} 17.b3 {[%clk 0:42:59]}
Nd6 {[%clk 0:53:29]} 18.Bxd4 {[%clk 0:38:01]} exd4 {[%clk 0:53:41]}
19.Na4 {[%clk 0:37:44]} Qa5 {[%clk 0:45:45]} 20.Bd3 {[%clk 0:32:25]}
Rfe8 {[%clk 0:43:11]} 21.Rxe8+ {[%clk 0:31:24]} Rxe8 {[%clk 0:43:29]}
22.a3 {[%clk 0:29:31]} h5 {[%clk 0:37:03]} 23.b4 {[%clk 0:28:48]}
Qg5 {[%clk 0:36:50]} 24.Rc7 {[%clk 0:20:23]} h4 {[%clk 0:29:18]}
25.Qc1 {[%clk 0:19:59]} Qe5 {[%clk 0:24:56]} 26.Rxa7 {[%clk 0:12:55]}
Qe1+ {[%clk 0:24:55]} 27.Qxe1 {[%clk 0:13:17]} Rxe1+ {[%clk 0:25:20]}
28.Kh2 {[%clk 0:13:40]} Be5+ {[%clk 0:25:25]} 29.g3 {[%clk 0:14:02]}
hxg3+ {[%clk 0:25:38]} 30.fxg3 {[%clk 0:11:56]} Re3 {[%clk 0:25:09]}
31.Nc5 {[%clk 0:11:49]} Rxg3 {[%clk 0:23:03]} 32.Nd7 {[%clk 0:06:34]}
Bf4 {[%clk 0:22:08]} 33.Nf6+ {[%clk 0:06:57]} Kg7 {[%clk 0:22:14]}
34.Nd5 {[%clk 0:07:19]} Be5 {[%clk 0:21:36]} 35.Re7 {[%clk 0:07:25]}
Rxd3+ {[%clk 0:20:08]} 36.Rxe5 {[%clk 0:07:51]} Rxa3 {[%clk 0:20:13]}
37.Nf4 {[%clk 0:05:01]} Kf6 {[%clk 0:15:03]} 38.Rd5 {[%clk 0:05:17]}
Nf5 {[%clk 0:15:22]} 39.b5 {[%clk 0:03:39]} Rb3 {[%clk 0:14:53]}
40.h4 {[%clk 0:30:43]} Nxh4 {[%clk 0:44:17]} 41.b6 {[%clk 0:25:02]}
Rb2+ {[%clk 0:40:39]} 42.Kh3 {[%clk 0:22:37]} Nf5 {[%clk 0:39:46]}
43.Rd7 {[%clk 0:18:05]} Rb3+ {[%clk 0:38:18]} 44.Kh2 {[%clk 0:17:18]}
Ke5 {[%clk 0:38:22]} 45.Nd5 {[%clk 0:14:49]} Nd6 {[%clk 0:38:05]} 0-1

[Event "European Club Cup"]
[Site "chess24.com"]
[Date "2018.10.15"]
[Round "4"]
[White "Issakainen, Ari"]
[Black "Sylvan, Jacob"]
[Result "1-0"]
[WhiteElo "2185"]
[BlackElo "2336"]
[Annotator ""]
[Source ""]
[Remark ""]

1.d4 {[%clk 1:30:54]} d5 {[%clk 1:30:45]} 2.Nf3 {[%clk 1:30:50]}
Nf6 {[%clk 1:30:43]} 3.g3 {[%clk 1:30:17]} e6 {[%clk 1:26:01]}
4.Bg2 {[%clk 1:29:32]} c5 {[%clk 1:22:46]} 5.O-O {[%clk 1:29:14]}
Nc6 {[%clk 1:23:02]} 6.b3 {[%clk 1:29:08]} Be7 {[%clk 1:21:43]}
7.Bb2 {[%clk 1:28:42]} O-O {[%clk 1:20:34]} 8.Nbd2 {[%clk 1:28:29]}
cxd4 {[%clk 1:04:37]} 9.Nxd4 {[%clk 1:28:22]} Bd7 {[%clk 0:59:22]}
10.c4 {[%clk 1:23:45]} Nxd4 {[%clk 0:58:17]} 11.Bxd4 {[%clk 1:24:04]}
Bc6 {[%clk 0:58:37]} 12.e3 {[%clk 1:15:24]} b6 {[%clk 0:54:58]}
13.Qe2 {[%clk 1:11:19]} Rc8 {[%clk 0:53:59]} 14.Rfd1 {[%clk 1:08:37]}
Qc7 {[%clk 0:53:49]} 15.Rac1 {[%clk 1:02:48]} Qb7 {[%clk 0:50:14]}
16.cxd5 {[%clk 0:55:26]} Bxd5 {[%clk 0:46:36]} 17.e4 {[%clk 0:51:35]}
Bc6 {[%clk 0:46:23]} 18.e5 {[%clk 0:47:56]} Nd5 {[%clk 0:42:20]}
19.Ne4 {[%clk 0:48:06]} Rfd8 {[%clk 0:41:01]} 20.Qg4 {[%clk 0:43:39]}
Bf8 {[%clk 0:37:50]} 21.Bb2 {[%clk 0:38:28]} Kh8 {[%clk 0:30:19]}
22.Nd6 {[%clk 0:34:43]} Bxd6 {[%clk 0:25:12]} 23.exd6 {[%clk 0:34:36]}
f5 {[%clk 0:25:00]} 24.Qg5 {[%clk 0:32:03]} Rxd6 {[%clk 0:24:03]}
25.Rc4 {[%clk 0:31:37]} Rd7 {[%clk 0:18:07]} 26.Re1 {[%clk 0:31:08]}
Bb5 {[%clk 0:11:37]} 27.Rh4 {[%clk 0:22:08]} Kg8 {[%clk 0:04:23]}
28.Qh5 {[%clk 0:14:22]} g6 {[%clk 0:04:34]} 29.Qg5 {[%clk 0:14:33]}
Rf8 {[%clk 0:04:05]} 30.Rh6 {[%clk 0:13:37]} Rff7 {[%clk 0:01:29]}
31.Qxg6+ {[%clk 0:12:57]} Kf8 {[%clk 0:01:34]} 32.Ba3+ {[%clk 0:12:32]}
Rde7 {[%clk 0:01:04]} 33.Rxh7 {[%clk 0:10:49]} 1-0